000 00257nam a2200109Ia 4500
008 190216s9999||||xx |||||||||||||| ||und||
100 _aDavid Daiches
245 0 _aGeorge Eliot Middle March
260 _bEdward Arnold Ltd
650 _aEnglish
942 _cBK
999 _c12408
_d12408